[Event "Avoine op 33rd"]
[Site "Avoine"]
[Date "2018.07.21"]
[Round "1"]
[White "Bourdeaux, Gabin"]
[Black "Coiffait, Pierre Basile"]
[Result "1/2-1/2"]
[WhiteElo "1894"]
[BlackElo "2253"]
[PlyCount "100"]
[EventDate "2018.07.21"]
[EventType "swiss"]
[EventRounds "9"]
[EventCountry "FRA"]
[SourceTitle "CBM 185 Extra"]
[Source "ChessBase"]
[SourceDate "2018.07.29"]
[SourceVersion "1"]
[SourceVersionDate "2018.07.29"]
[SourceQuality "1"]

1. e4 e5 2. Nf3 Nc6 3. Bb5 a6 4. Ba4 Nf6 5. d3 d6 6. 0-0 g6 7. d4 b5 8. Bb3 Bg4 9. dxe5 Nxe5 10. Nxe5 dxe5 11. Qxd8+ Rxd8 12. Bg5 Bg7 13. Nc3 c6 14. f3 Bc8 15. f4 h6 16. Bxf6 Bxf6 17. fxe5 Bxe5 18. Bxf7+ Ke7 19. Bb3 Be6 20. Bxe6 Kxe6 21. Ne2 Rd2 22. Rf2 Bxb2 23. Nf4+ Kf6 24. Rxd2 Bxa1 25. Rd7 Re8 26. Rc7 c5 27. Rc6+ Ke5 28. Nd3+ Kxe4 29. Rxg6 c4 30. Nc5+ Ke3 31. Nxa6 Kd2 32. h4 Bd4+ 33. Kh2 Re3 34. g3 Kxc2 35. Rxh6 Be5 36. Rg6 Kb2 37. Nb4 c3 38. h5 Re2+ 39. Kh3 c2 40. Rb6 Kc3 41. Nxc2 Rxc2 42. Rxb5 Kd4 43. Kg4 Rxa2 44. Rb3 Kc4 45. Rf3 Kd5 46. Kg5 Ke6 47. h6 Ra8 48. h7 Ra7 49. Kh6 Ra6 50. g4 Ke7+ 1/2-1/2

[Event "Avoine op 32nd"]
[Site "Avoine"]
[Date "2017.07.28"]
[Round "7"]
[White "Ollier, Pablo"]
[Black "Bourdeaux, Gabin"]
[Result "1-0"]
[WhiteElo "2378"]
[BlackElo "1868"]
[PlyCount "95"]
[EventDate "2017.07.22"]
[EventType "swiss"]
[EventRounds "9"]
[EventCountry "FRA"]
[SourceTitle "CBM 179 Extra"]
[Source "ChessBase"]
[SourceDate "2017.08.23"]
[SourceVersion "1"]
[SourceVersionDate "2017.08.23"]
[SourceQuality "1"]

1. d4 Nf6 2. c4 g6 3. Nc3 Bg7 4. e4 d6 5. Nf3 0-0 6. Be2 e5 7. dxe5 dxe5 8. Qxd8 Rxd8 9. Nd5 Nxd5 10. cxd5 c6 11. Bc4 cxd5 12. Bxd5 Nc6 13. Bg5 Rf8 14. Ke2 Nd4+ 15. Nxd4 exd4 16. Kd3 Be6 17. Bxe6 fxe6 18. f3 e5 19. Rac1 Rac8 20. Rxc8 Rxc8 21. Rc1 Rxc1 22. Bxc1 Kf7 23. f4 Ke6 24. g4 a5 25. a4 b6 26. b3 h5 27. h3 hxg4 28. hxg4 Kd6 29. Ba3+ Kc6 30. fxe5 Bxe5 31. Kc4 Bf6 32. Bb2 d3 33. Bc1 Be5 34. Bd2 Bc7 35. Be3 Bd6 36. Kxd3 b5 37. Bd2 bxa4 38. bxa4 Bc7 39. Kd4 Kd7 40. Kd5 Bb6 41. Bc3 g5 42. Bd2 Bd8 43. e5 Ke8 44. Ke6 Bb6 45. Bxg5 Bc5 46. Bd2 Bb4 47. Be3 Kf8 48. Kd7 1-0

[Event "Avoine op 32nd"]
[Site "Avoine"]
[Date "2017.07.27"]
[Round "6"]
[White "Bourdeaux, Gabin"]
[Black "Roussel, Simon"]
[Result "1/2-1/2"]
[WhiteElo "1868"]
[BlackElo "2020"]
[PlyCount "123"]
[EventDate "2017.07.22"]
[EventType "swiss"]
[EventRounds "9"]
[EventCountry "FRA"]
[SourceTitle "CBM 179 Extra"]
[Source "ChessBase"]
[SourceDate "2017.08.23"]
[SourceVersion "1"]
[SourceVersionDate "2017.08.23"]
[SourceQuality "1"]

1. e4 e5 2. Nf3 Nc6 3. Bb5 Nf6 4. d3 d6 5. 0-0 Be7 6. c3 0-0 7. Nbd2 a6 8. Ba4 b5 9. Bb3 Na5 10. Bc2 c5 11. a4 Bd7 12. Re1 Qc7 13. Nf1 Rfc8 14. h3 Rab8 15. axb5 axb5 16. Be3 Nc6 17. Rc1 d5 18. exd5 Nxd5 19. Bg5 Bf8 20. d4 exd4 21. cxd4 c4 22. Ne5 Be6 23. Nxc6 Qxc6 24. Be4 f6 25. Bf4 Rb7 26. Ne3 Rd8 27. Qf3 Rbd7 28. b3 Qc8 29. Nxd5 Bxd5 30. Bxd5+ Rxd5 31. bxc4 bxc4 32. Be3 c3 33. Rc2 Bb4 34. Qg4 f5 35. Qe2 Re8 36. Qd1 Qe6 37. Bd2 cxd2 38. Rxe6 Rxe6 39. Rxd2 Bxd2 40. Qxd2 Red6 41. Qe3 Kf7 42. Qf3 g6 43. g4 Kf6 44. gxf5 Rxf5 45. Qe3 Rfd5 46. Qf4+ Kg7 47. Qe3 Rd7 48. Kf1 Rxd4 49. Qc3 h6 50. Qc6 Kh7 51. Qe6 Rg7 52. Qe5 Rdd7 53. Kg2 Rdf7 54. Qe6 Rf5 55. h4 Rgf7 56. Qa2 Rf4 57. Kg3 h5 58. Qe2 Rg4+ 59. Kh3 Rff4 60. f3 Rxh4+ 61. Kg3 Ra4 62. Qe7+ 1/2-1/2

[Event "FRA-chT U20 Top"]
[Site "Bischwiller"]
[Date "2016.05.15"]
[Round "2"]
[White "Lamblin, Alexandre"]
[Black "Bourdeaux, Gabin"]
[Result "0-1"]
[WhiteElo "1575"]
[BlackElo "1723"]
[PlyCount "74"]
[EventDate "2016.05.14"]
[EventType "tourn"]
[EventRounds "11"]
[EventCountry "FRA"]
[SourceTitle "EXT 2019"]
[Source "ChessBase"]
[SourceDate "2018.10.10"]
[SourceVersion "1"]
[SourceVersionDate "2018.10.10"]
[SourceQuality "1"]

1. d4 Nf6 2. c4 c5 3. d5 e6 4. Nc3 exd5 5. cxd5 d6 6. Nf3 g6 7. Bf4 a6 8. Nd2 b5 9. a4 b4 10. Nce4 Nh5 11. Be3 f5 12. Bg5 Be7 13. Bxe7 Qxe7 14. Ng3 Nf6 15. Qc2 Bb7 16. 0-0-0 Bxd5 17. e3 Nc6 18. Nc4 Bxc4 19. Bxc4 Ne5 20. Bd5 Nxd5 21. Rxd5 0-0 22. Rhd1 Rad8 23. h4 h5 24. Qd2 Rf7 25. b3 c4 26. Kb1 cxb3 27. Qxb4 Nc6 28. Qb6 Qc7 29. Qxc7 Rxc7 30. Rxd6 Rxd6 31. Rxd6 Kf7 32. Kb2 Na5 33. Rxa6 Rc2+ 34. Kb1 Nc4 35. Ra7+ Kg8 36. Rb7 Na3+ 37. Ka1 Ra2# 0-1

[Event "FRA-chT U16"]
[Site "Dieppe"]
[Date "2015.05.24"]
[Round "2.6"]
[White "Bourdeaux, Gabin"]
[Black "Ghazarian, David"]
[Result "1-0"]
[WhiteElo "1676"]
[BlackElo "1609"]
[PlyCount "157"]
[EventDate "2015.05.??"]
[EventType "team-tourn"]
[EventRounds "6"]
[EventCountry "FRA"]
[SourceTitle "EXT 2016"]
[Source "ChessBase"]
[SourceDate "2015.10.08"]
[SourceVersion "1"]
[SourceVersionDate "2015.10.08"]
[SourceQuality "1"]

1. Nf3 d5 2. c4 c6 3. b3 Nf6 4. Bb2 e6 5. g3 Nbd7 6. Bg2 Bd6 7. 0-0 0-0 8. d4 b6 9. Nbd2 c5 10. cxd5 exd5 11. dxc5 bxc5 12. e3 Rb8 13. Qc2 Ba6 14. Rfd1 Be2 15. Re1 Bxf3 16. Nxf3 c4 17. Bd4 Qc7 18. bxc4 dxc4 19. Rac1 Rfc8 20. Nd2 Ba3 21. Rb1 Rxb1 22. Rxb1 c3 23. Rb7 Qa5 24. Nb3 Qd8 25. Rxa7 Bb2 26. Bb7 Rb8 27. Bxc3 Bxc3 28. Qxc3 Qb6 29. Qd4 Rxb7 30. Qxb6 Rxb6 31. Nc5 Nf8 32. Kg2 g6 33. a4 Rb2 34. a5 Ng4 35. h3 Nxe3+ 36. Kf3 Nd5 37. Ra8 Kg7 38. a6 Nc7 39. Rc8 Nfe6 40. Nxe6+ Nxe6 41. a7 Nc7 42. Rxc7 Ra2 43. g4 Kf6 44. h4 h5 45. gxh5 gxh5 46. Rb7 Kg6 47. Kg3 f6 48. f3 Ra1 49. Rd7 Rg1+ 50. Kf2 Ra1 51. Ke3 Ra3+ 52. Kd4 Kf5 53. Kc5 Ra1 54. Kb6 Rb1+ 55. Kc7 Ra1 56. Kb8 Rxa7 57. Rxa7 Kf4 58. Rf7 f5 59. Kc7 Kxf3 60. Rxf5+ Kg4 61. Rg5+ Kxh4 62. Rg6 Kh3 63. Kd6 h4 64. Ke5 Kh2 65. Kf4 h3 66. Kf3 Kh1 67. Kg3 h2 68. Rh6 Kg1 69. Rxh2 Kf1 70. Rg2 Ke1 71. Kf3 Kf1 72. Rh2 Ke1 73. Ra2 Kd1 74. Ke3 Kc1 75. Kd3 Kb1 76. Rg2 Kc1 77. Rh2 Kb1 78. Kc3 Ka1 79. Kb3 1-0

[Event "FRA-chT U16"]
[Site "Dieppe"]
[Date "2015.05.24"]
[Round "3.5"]
[White "Bourdeaux, Gabin"]
[Black "Lomandong, Marc Antoine"]
[Result "0-1"]
[WhiteElo "1676"]
[BlackElo "1827"]
[PlyCount "70"]
[EventDate "2015.05.??"]
[EventType "team-tourn"]
[EventRounds "6"]
[EventCountry "FRA"]
[SourceTitle "EXT 2016"]
[Source "ChessBase"]
[SourceDate "2015.10.08"]
[SourceVersion "1"]
[SourceVersionDate "2015.10.08"]
[SourceQuality "1"]

1. Nf3 Nf6 2. c4 e6 3. g3 d5 4. b3 c5 5. Bb2 Nc6 6. Bg2 d4 7. 0-0 e5 8. d3 Bd6 9. e3 0-0 10. exd4 exd4 11. Re1 Re8 12. a3 a5 13. Nbd2 Bf5 14. Qc2 Qd7 15. Ng5 h6 16. Nge4 Nxe4 17. Nxe4 Re6 18. Bc1 Rae8 19. Bd2 Kh8 20. Kf1 R6e7 21. Nxd6 Qxd6 22. Rxe7 Rxe7 23. Bf4 Qg6 24. Rd1 Qe6 25. h4 Re8 26. Qd2 f6 27. Qc2 g5 28. hxg5 hxg5 29. Bc1 Kg7 30. f4 Bg4 31. fxg5 Bxd1 32. Qxd1 fxg5 33. Bxg5 Ne5 34. Bf4 Nxd3 35. Qg4+ Qxg4 0-1

[Event "Sautron op 21th"]
[Site "Sautron"]
[Date "2014.08.29"]
[Round "1"]
[White "Eugene, Floryan"]
[Black "Bourdeaux, Gabin"]
[Result "1-0"]
[WhiteElo "2072"]
[BlackElo "1522"]
[PlyCount "70"]
[EventDate "2014.08.28"]
[EventType "swiss"]
[EventRounds "6"]
[EventCountry "FRA"]
[SourceTitle "EXT 2015"]
[Source "ChessBase"]
[SourceDate "2014.11.20"]
[SourceVersion "1"]
[SourceVersionDate "2014.11.20"]
[SourceQuality "1"]

1. e4 c5 2. Nf3 e6 3. c3 d5 4. e5 Nc6 5. d4 cxd4 6. cxd4 Bb4+ 7. Bd2 Bxd2+ 8. Qxd2 Rb8 9. Nc3 a6 10. Rc1 Nge7 11. Bd3 Bd7 12. 0-0 0-0 13. Qf4 Ng6 14. Qg4 f5 15. Qg3 Qe7 16. a3 Rfc8 17. b4 b5 18. h4 Nf8 19. Rc2 h6 20. Rfc1 a5 21. Nxb5 Nxb4 22. Rxc8 Nxd3 23. Rxb8 Nxc1 24. Kf1 Bxb5+ 25. Rxb5 Qxa3 26. Ne1 Qa4 27. Rc5 Qxd4 28. Rxc1 Qb2 29. Rc7 Qb5+ 30. Kg1 g6 31. Qe3 Qb4 32. Nf3 f4 33. Qc5 Qb1+ 34. Kh2 Qf5 35. Qe7 d4 1-0

[Event "Gorges op 22th"]
[Site "Gorges"]
[Date "2012.07.08"]
[Round "1"]
[White "Bethys, Fred"]
[Black "Bourdeaux, Gabin"]
[Result "1-0"]
[WhiteElo "1734"]
[BlackElo "1420"]
[PlyCount "103"]
[EventDate "2012.07.08"]
[EventType "swiss"]
[EventRounds "7"]
[EventCountry "FRA"]
[SourceTitle "CBM 149 Extra"]
[Source "ChessBase"]
[SourceDate "2012.08.24"]
[SourceVersion "1"]
[SourceVersionDate "2012.08.24"]
[SourceQuality "1"]

1. f4 Nf6 2. Nf3 g6 3. Nc3 Bg7 4. e4 d6 5. d4 0-0 6. Bd3 c5 7. dxc5 dxc5 8. 0-0 Bd7 9. f5 Nc6 10. Bf4 Nb4 11. fxg6 fxg6 12. Bc4+ Kh8 13. Ne5 Bc6 14. Qxd8 Raxd8 15. Rad1 Ra8 16. Nf7+ Rxf7 17. Bxf7 Rf8 18. Bb3 h5 19. Nd5 Nfxd5 20. exd5 Bd4+ 21. Kh1 Bxd5 22. Be5+ Kg8 23. Bxd5+ Nxd5 24. Rxf8+ Kxf8 25. Bxd4 cxd4 26. Rxd4 e6 27. Kg1 Ke7 28. Kf2 Ke8 29. Kf3 Kf7 30. Ke4 Kf6 31. Rc4 g5 32. Rc8 Nb4 33. a3 Nc6 34. Rc7 Na5 35. b4 Nc6 36. Rxb7 a5 37. b5 Ne5 38. Rc7 Ng4 39. b6 Nxh2 40. b7 Nf1 41. b8Q g4 42. Qf8+ Kg5 43. Rg7+ Kh4 44. Qxf1 Kg3 45. Qf4+ Kh4 46. Qg5+ Kg3 47. Qxh5 Kf2 48. Qxg4 e5 49. Rf7+ Kg1 50. Kf3 e4+ 51. Kg3 a4 52. Qd1# 1-0